[Event "Gjovik blindfold sim"]
[Site "Gjovik"]
[Date "1998.06.13"]
[Round "?"]
[White "Djurhuus, Rune"]
[Black "Dossland, Sigurd"]
[Result "1-0"]
[WhiteElo "2455"]
[BlackElo "1745"]
[PlyCount "25"]
[EventDate "1998.06.??"]
[EventType "simul"]
[EventRounds "1"]
[EventCountry "NOR"]
[SourceTitle "EXT 2005"]
[Source "ChessBase"]
[SourceDate "2004.11.15"]
[SourceVersion "1"]
[SourceVersionDate "2004.11.15"]
[SourceQuality "1"]

1. Nc3 Nf6 2. e4 e5 3. Bc4 c6 4. d4 Qa5 5. Nf3 exd4 6. Qxd4 Bb4 7. 0-0 0-0 8. e5 Bxc3 9. bxc3 c5 10. Qh4 Ne8 11. Bd3 f5 12. Bc4+ Kh8 13. Qe7 1-0